=LDR 00000nam 2200000 4500 =001 INLIS000000000037166 =005 20130612142917 =008 ***********************************Ind** =035 ##$$0010-061300000037166 =041 ##$$a Ind =082 ##$$a 687.3 =090 ##$$a 687.3, Ros g =100 ##$$a Roslinawati, Rike =245 ##$$a Gaya rajut busana muslimah zenitha, Rike Roslinawati ; editor, Intarina hardiman =260 ##$$a 2011 $b Jakarta =300 ##$$a 64 hlm, ilus, 23 cm =650 ##$$a Rajut merajut =700 ##$$a Hardiman, Intarina =850 ##$$a NBPNMAT